00497nam a2200169Ia 4500020001800000082002000018100002000038245005200058260004500110300001300155504003600168650002800204650002600232650002900258650003000287650001000317 a9780195695311 a297.09254 HAS-M aHasan, Mushirul 0aModerate or militant: images of India's muslims aNew DelhibOxford University Pressc2008 aix, 252 aincludes bibliography and index aMuslimsvIndiavHistory aIslamvIndiavHistory aIslam and culturezIndia aIslam and politicszIndia aJihad